000 00400nam a22001457a 4500
999 _c10041
_d10041
003 GBCCL
005 20241126110724.0
008 240213b ||||| |||| 00| 0 eng d
040 _cgbc
082 _aMAG EBC
_b2000
245 _aEBC Silver jubilee commemorative magazine, 1975-2000
260 _aTedim, Chin State :
_bEvangelical Baptist conference,
_c2000
300 _a95p. ;
942 _2ddc
_cARCH